书目信息 |
| 题名: |
华北区主要树种繁育技术
|
|
| 作者: | 秦光华 , 乔玉玲 主编 | |
| 分册: | ||
| 出版信息: | 济南 山东科学技术出版社 2015.7 |
|
| 页数: | 287页 | |
| 开本: | 26cm | |
| 丛书名: | ||
| 单 册: | ||
| 中图分类: | S723.1 | |
| 科图分类: | ||
| 主题词: | 树种--育苗--华北地区 | |
| 电子资源: | ||
| ISBN: | 978-7-5331-7804-8 | |
| 000 | 01025nam0 2200241 450 | |
| 001 | 012015000211 | |
| 005 | 20151130095905.93 | |
| 010 | @a978-7-5331-7804-8@dCNY36.00 | |
| 100 | @a20150707d2015 em y0chiy0110 ea | |
| 101 | 0 | @achi |
| 102 | @aCN@b370000 | |
| 105 | @ay z 000yy | |
| 106 | @ar | |
| 200 | 1 | @a华北区主要树种繁育技术@Ahua bei qu zhu yao shu zhong fan yu ji shu@f秦光华,乔玉玲主编 |
| 210 | @a济南@c山东科学技术出版社@d2015.7 | |
| 215 | @a287页@d26cm | |
| 330 | @a本书共分总论和各论两部分,总论介绍了华北区的自然地理、林木育苗基础知识、播种苗的培育和营养繁殖苗的培育等等林木育苗的基础理论和技术,是各树种育苗技术的基础知识;各论分阔叶树种和针叶树种的育苗技术进行了介绍,同时附有国家标准和行业标准供育苗者参考。本书可供从事林业、园林、经济林等相关行业、专业的技术人员、教师和苗木生产人员等参考。 | |
| 606 | 0 | @a树种@x育苗@x华北地区 |
| 690 | @aS723.1@v5 | |
| 701 | 0 | @a秦光华@Aqin guang hua@4主编 |
| 701 | 0 | @a乔玉玲@Aqiao yu ling@4主编 |
| 801 | 0 | @aCN@b碧洲教育@c20151127 |
| 905 | @a10447@f4@dS723.1@e86 | |
| 华北区主要树种繁育技术/秦光华,乔玉玲主编.-济南:山东科学技术出版社,2015.7 |
| 287页;26cm |
| ISBN 978-7-5331-7804-8:CNY36.00 |
| 本书共分总论和各论两部分,总论介绍了华北区的自然地理、林木育苗基础知识、播种苗的培育和营养繁殖苗的培育等等林木育苗的基础理论和技术,是各树种育苗技术的基础知识;各论分阔叶树种和针叶树种的育苗技术进行了介绍,同时附有国家标准和行业标准供育苗者参考。本书可供从事林业、园林、经济林等相关行业、专业的技术人员、教师和苗木生产人员等参考。 |
| ● |
| 相关链接 |
|
|
|
|
正题名:华北区主要树种繁育技术
索取号:S723.1/86
 
预约/预借
| 序号 | 登录号 | 条形码 | 馆藏地/架位号 | 状态 | 备注 |
| 1 | 0871193 | 208711937 | 第二样本阅览室/ [索取号:S723.1/86] | 在馆 | |
| 2 | 0871194 | 208711946 | 第三借阅区/ [索取号:S723.1/86] | 在馆 | |
| 3 | 0871195 | 208711955 | 第三借阅区/ [索取号:S723.1/86] | 在馆 | |
| 4 | 0871196 | 208711964 | 密集书库-生命科学系/ [索取号:S723.1/86] | 在馆 |